00545cam a22001572 4500001001100000005001700011008004100028020002800069040001500097050002200112100003600134245010100170260005500271300001500326650004600341000000210920151217151840.0070402s xx 000 0 eng d a0256160511 :cKES 6,200 aKABUcKABU 0aHF1416b.J63 19971 aJohansson, Johny K.@000015133810aGlobal marketing :bforeign entry, local marketing, and global management /cJohny K. Johansson. aBoston, Massachusetts :bIrwin/McGraw-Hill,c1997. axx, 716 p. 0aExport marketingxManagement.@0000151323